Harmonizačný proces účtovníctva v podmienkach EÚ bakalárska práca

Enregistré dans:
Détails bibliographiques
Auteur principal: Bánoczký, Dušan
Collectivité auteur: Národohospodárska fakulta EU. Katedra financií
Autres auteurs: Staríčková, Zuzana
Format: Livre
Langue:slovaque
Publié: Bratislava 2012
Tags: Ajouter un tag
Pas de tags, Soyez le premier à ajouter un tag!

MARC

LEADER 00000nbm a2200000 4500
001 0156043
005 20161109111934.0
041 0 |a slo 
044 |a SK 
245 1 0 |a Harmonizačný proces účtovníctva v podmienkach EÚ  |b bakalárska práca  |c Dušan Bánoczký ; školiteľ: Zuzana Staríčková 
264 1 |a Bratislava  |c 2012 
300 |a 46 s. 
100 1 |a Bánoczký, Dušan 
700 1 |a Staríčková, Zuzana 
710 2 |a Národohospodárska fakulta EU. Katedra financií